Music Quiz

Random Music or Lyrics Quiz

Dua Lipa - New Rules Lyrics Quiz Stats

 Plays Quiz Updated Jul 3, 2018

Challenge
Share
Tweet
Embed
Score 0/264 Timer 10:00
1 Play Today
% Correct
[CHORUS]
98.9%
[CHORUS]
98.9%
I
98.3%
I
98.3%
I
98.3%
I
98.3%
I
98.3%
I
98.3%
I
98.3%
I
98.3%
I
98.3%
I
98.3%
I
98.3%
I
98.3%
(I
98.3%
I
98.3%
I
98.3%
I
98.3%
I
98.3%
I
98.3%
I
98.3%
(I
98.3%
I
98.3%
I...
98.3%
(I
98.3%
the
94.6%
the
94.6%
the
94.6%
do,
93.9%
do,
93.9%
do
93.9%
in
93.8%
in
93.8%
in
93.8%
in
93.8%
in,
93.7%
in
93.7%
You
93.6%
You
93.6%
you
93.6%
and
92%
and
92%
And
92%
and
92%
and
92%
he
91.9%
he
91.9%
he
91.9%
he
91.9%
rules,
91.9%
rules,
91.9%
rules,
91.9%
rules,
91.9%
new
91.4%
new
91.3%
new
91.3%
One:
91.3%
new
91.3%
new...)
91.3%
Don't
90.8%
Don't
90.8%
Don't
90.8%
Don't
90.8%
don't
90.8%
Don't,
90.8%
don't,
90.8%
don't,
90.8%
don't...
90.8%
Don't
90.8%
don't
90.8%
Don't,
90.8%
don't,
90.8%
don't
90.8%
don't... (x2)
90.8%
to
89.9%
to
89.9%
to
89.8%
to
89.8%
to
89.8%
up
89.6%
up
89.6%
be
89.5%
be
89.5%
be
89.5%
him
89.2%
him
89.2%
him,
89.2%
him
89.2%
% Correct
him
89.1%
him
89.1%
him
89.1%
Two:
89.1%
got
87.4%
got
87.4%
got
87.4%
got
87.4%
got
87.4%
know
87.3%
know
87.3%
phone
87.1%
let
87%
let
86.9%
let
86.9%
(out
86.8%
out
86.8%
out,
86.8%
out
86.8%
pick
86.6%
Three:
86.2%
my
85%
my
84.9%
my
84.9%
My
84.9%
my
84.9%
my
84.9%
alone
84.7%
his
84.6%
his
84.6%
his
84.6%
drunk
84.5%
he's
83.6%
he's
83.6%
only
83.4%
have
83.3%
'em
82.4%
'em
82.4%
them
82.4%
'em
82.4%
them
82.4%
over
82.3%
'em)
82.3%
over
82.3%
callin'
82.2%
morning
82.1%
bed
82.1%
you're
82%
you're
82%
You're
82%
if
81.2%
friend
81%
friend,
81%
friend
81%
again
80.9%
me
80.3%
me
80.2%
me,
80.2%
me
80.2%
me,
80.2%
'cause
80%
'cause
80%
gettin'
79.9%
gettin'
79.9%
kick
79.7%
wake
78.9%
of
78.7%
of
78.7%
under
78.5%
myself
78.1%
myself,
78.1%
myself
78.1%
myself
78.1%
myself
78.1%
myself,
78.1%
myself
78.1%
ain't
77.7%
love,
76.7%
love,
76.7%
love
76.7%
love,
76.7%
love
76.7%
no
76.3%
no)
76.3%
gonna
76%
mind,
75.9%
mind)
75.9%
You'll
75.6%
% Correct
at
74.6%
count
74.5%
count
74.5%
count
74.5%
count
74.4%
it
74.2%
it
74.1%
it
74.1%
it,
74.1%
it
74.1%
it
74.1%
it,
74.1%
sleep
74.1%
sleep,
74.1%
night,
73.1%
crazy
73%
Talkin'
72.5%
so
72%
so
72%
makin'
71.7%
tell
71.3%
tell
71.3%
tell
71.3%
tell
71.3%
tell
71.2%
tell
71.2%
doesn't
65%
doesn't
65%
like
64.5%
but
63.7%
But
63.7%
But
63.7%
(Too
63%
too
63%
else,
62.8%
else
62.8%
makes
62.6%
makes
62.6%
nobody
62.3%
nobody
62.3%
feel
60.4%
many
59.6%
many
59.6%
times,
59.5%
times)
59.5%
would
58.7%
hopin'
57.7%
down
57.6%
save
57.6%
Wrote
54.6%
keep
53.3%
read
53.1%
back
52%
I'm
51.3%
I'm
51.2%
gotta
50.5%
gotta
50.5%
learn,
48.1%
learn)
48.1%
learn
48.1%
pushin'
47.4%
backwards
47%
pullin'
46.9%
never
46.4%
never
46.4%
keeps
46%
Now
44.4%
see
43.7%
forwards,
42.8%
perfect
40.8%
Practice
40%
still
39%
pattern
38.8%
finally
37.8%
tryna
37.8%
turn,
37.5%
turn,
37.5%
repeat
36.1%
from
35.9%
(Nowhere
34.6%
(Nowhere
34.6%
Eat,
34.1%
by
32.1%
heart
31.8%
Rehearse
31.7%
breathe
30.6%
standin'
27.5%
way)
25.6%

You're not logged in!

Compare scores with friends on all Sporcle quizzes.
Join for Free
OR
Log In

You Might Also Like...

Show Comments

Extras

Top Quizzes Today


Score Distribution

Your Account Isn't Verified!

In order to create a playlist on Sporcle, you need to verify the email address you used during registration. Go to your Sporcle Settings to finish the process.

Report this User

Report this user for behavior that violates our Community Guidelines.

Details: